LEADER 01055nam a2200265 a 4500 001 000000142747 003 CaOOAMICUS 005 20150413100245.0 008 150413s1971 it u000 u ita r 040 $aPUL$bita 082 04$a341 100 1 $aMorelli, Gaetano.$0(OLS)http://pul/name/17454 245 10$aElementi di diritto internazionale privato italiano /$cGaetano Morelli. 250 $a10. ed. 260 $aNapoli :$bJovene,$c1971. 300 $a186 p. ;$c19 cm 504 $aBibliografia in nota. 650 4$aDiritto internazionale privato$zItalia.$0(OLS)http://pul/subject/30038 850 $aPUL 852 $aPUL$W1$xSL Diritto e Scienze Sociali 3$y79$m341 MORGA 1$j164621$b $qDDC 21$B164887$CPULBib$Z2$F164887 $HBar450 $81 941 1 $a9 961 $aProvenienza Fondo G. Barberini. 996 $6082$a341$9(OLS)http://pul/classification/387 996 $6245$aElementi di diritto internazionale privato italiano$9(OLS)http://pul/title/180700 996 $6260$aNapoli :$bJovene$9(OLS)http://pul/publisher/47845 LEADER 01275nam a2200277 a 4500 001 000000165811 003 CaOOAMICUS 005 20180208122727.0 008 180208s1951 xxu 000 u eng r 032 $aLibriCat 040 $aPUL$bita 100 1 $aHarvey, John Francis.$0(OLS)http://pul/name/100902 245 10$aMoral theology of the Confessions of St. Augustine / $cJohn F. Harvey. 260 $aWashington, D.C. :$bThe Catholic University of America,$c1951. 300 $axxv, 168 p. ;$c24 cm. 502 $aTesi : The Catholic University of America. Sacred Theology. 1950. 504 $aBibliografia in nota a pič pagina. 600 04$aAugustinus,$cs., vesc. d'Ippona,$d354-430.$0(OLS)http://pul/subject/758 710 2 $aCatholic University of America.$kTesi.$0(OLS)http://pul/name/106692 850 $aPUL 852 $aPUL$W1$xDP1 Tesi Univ. Washington$y50$mTH WAS 75$j190203$qTesi$B193177$CPULBib$Z2$F193177 $H14884 $81 941 1 $a16 960 $aAgostino,$cs., vesc. d'Ippona,$d354-430$9758 996 $6245$aMoral theology of the Confessions of St. Augustine / $9(OLS)http://pul/title/205503 996 $6260$aWashington, D.C. :$bThe Catholic University of America$9(OLS)http://pul/publisher/62694